000 00480nam a2200169 i 4500
001 71556
003 ES-MaACL
005 20230906171149.0
007 t|
008 040812s1972 sp ||||1| spa d
100 1 _aGentis, Roger.
_956363
245 1 3 _aLa tapia del manicomio /
_cRoger Gentis ; [traducción de Pere Vilanova].
260 _aBarcelona :
_bLaia,
_c1972.
300 _a96 p. ;
_c19 cm.
700 1 _aVilanova, Pere.
_9114778
852 _aES-MaACL
_jC-54291
_bR.83725
999 _c71556
_d71556